| 000 | 00000nam##2200000za#4500 |
| 001 | 9.639898 |
| 003 | CaOODSP |
| 005 | 20220818080251 |
| 007 | cr ||||||||||| |
| 008 | 150407|2002||||xxc|||||o f|0| 0 fre|d |
| 040 | |aCaOODSP|bfre |
| 043 | |an-cn--- |
| 086 | 1 |aIP34-11/2002F-PDF |
| 110 | 2 |aCommissariat à la protection de la vie privée du Canada. |
| 245 | 10|aRapport au Parlement relativement aux lois provinciales essentiellement similaires |h[ressource électronique] |
| 260 | |aOttawa - Ontario : |bCommissariat à la protection de la vie privée du Canada |cc2002. |
| 300 | |a23p. |
| 500 | |aLe nº de catalogue (IP34-11/2002) et l'ISBN (0-662-66621-6) de l'édition imprimée bilingue ont été incorrectement copiés dans cette édition électronique. |
| 590 | |a12-16-Supp|b2012-04-17 |
| 691 | 07|aInstitution fédérale|2gcpds |
| 691 | 07|aLégislation|2gcpds |
| 691 | 07|aVie privée|2gcpds |
| 775 | 08|tReport to Parliament concerning substantially similar provincial legislation |w(CaOODSP)9.695776 |
| 776 | 0#|tReport to Parliament concerning substantially similar provincial legislation |w(CaOODSP)9.663817 |
| 776 | 0#|tRapport au Parlement relativement aux lois provinciales essentiellement similaires |w(CaOODSP)9.663818 |
| 856 | 40|ahttp://publications.gc.ca|qPDF|s449 Ko|uhttps://publications.gc.ca/collections/Collection/IP34-11-2002F.pdf |